Classic Clickable Jokes IV Quiz Stats

 Plays Quiz Updated Oct 12, 2018

Challenge
Share
Tweet
Embed
Score 0/24 Timer 06:00
3 Plays Today
% Correct
A frog. I lied about the wheels.
94.3%
All the umpires are down here!
93.8%
He sipped his coffee before it was cool.
93%
I don't know. It all happened so fast.
91.9%
You have a drink named Steve?
91.6%
For as long as I can remember.
91.4%
A stick.
91.3%
He gets to keep the tips.
91.1%
To get to the same side.
90.8%
You married me, and I, you.
90.6%
Linoleum blown-apart.
89.8%
Rip-off!
89.7%
% Correct
There's nothing wrong with your eyesight!
89.4%
There was no reaction.
88.9%
I've half a mind to attend!
87.4%
Don't try skydiving.
86.3%
One for me and one for the road.
85.5%
I'll never part with you.
85.3%
Halfway.
85.1%
You're too tense.
84.9%
It's the peanuts. They're complimentary.
82.9%
Make me one with everything.
81.7%
You think he would've seen it.
77.8%
Said Tom, defeatedly.
70.2%

You're not logged in!

Compare scores with friends on all Sporcle quizzes.
OR
Log In

You Might Also Like...

Show Comments

Extras

Top Quizzes Today


Score Distribution

Your Account Isn't Verified!

In order to create a playlist on Sporcle, you need to verify the email address you used during registration. Go to your Sporcle Settings to finish the process.

Report this User

Report this user for behavior that violates our Community Guidelines.

Details: